Dzielnice Kielc - Statystyki

Ogólne statystyki
  • Ten quiz został rozwiązany 154 razy
  • Średni wynik to 17 z 52
Statystyki odpowiedzi
Odpowiedź % Poprawnych
Czarnów
76%
Ślichowice
68%
Barwinek
65%
Bocianek
63%
Herby
62%
Centrum
60%
Białogon
57%
Sady
53%
Baranówek
52%
Na Stoku
51%
Słoneczne Wzgórze
50%
Podkarczówka
48%
Bukówka
44%
Szydłówek
43%
Karczówka
42%
Malików
40%
Uroczysko
39%
Dąbrowa
38%
Piaski
38%
Sieje
37%
Pod Dalnią
34%
Wietrznia
34%
Ostra Górka
33%
Zagórze
33%
Osiedle Świętokrzyskie
32%
Pakosz
31%
Słowik
29%
Zalesie
27%
Nowy Folwark
26%
Pod Telegrafem
25%
Osiedle Jagiellońskie
24%
Posłowice
24%
Wielkopole
24%
Dobromyśl
22%
Cedro Mazur
21%
Łazy
21%
Niewachlów I
21%
Niewachlów II
20%
Zagórska Północ
20%
Zagórska Południe
20%
Dyminy
19%
Osiedle Chęcińskie
19%
Osiedle Jana Kochanowskiego
19%
Osiedle Związkowiec
19%
Pietraszki
19%
Osiedle Jana Czarnockiego
17%
Osiedle Sandomierskie
17%
Skrzetle
17%
Kawetczyzna
15%
Domaszowice Wikaryjskie
14%
Głęboczka
14%
Sitkówka
13%
Nie znaleziono quizów pasujących do podanych kryteriów
Rozkład punktacji
Procent ludzi z każdym wynikiem
Percentyl według liczby udzielonych odpowiedzi
Twoja historia wyników
Nie rozwiązałeś tego quizu